| 000 | 01028 a2200229 4500 | ||
|---|---|---|---|
| 003 | Nust | ||
| 005 | 20230819091636.0 | ||
| 010 | _a 2010048281 | ||
| 020 | _a9780470540640 (cloth) | ||
| 040 | _cNust | ||
| 082 | 0 | 0 | _a519.55, BIS |
| 100 | 1 |
_aBisgaard, Soren, _9114181 |
|
| 245 | 1 | 0 |
_aTime series analysis and forecasting by example / _cSoren Bisgaard, Murat Kulahci. |
| 260 |
_aHoboken, N.J. : _bWiley, _cc2011. |
||
| 300 |
_axiii, 366 p. : _bill. ; _c25 cm. |
||
| 490 | 0 | _aWiley series in probability and statistics | |
| 505 | _aTime Series Data Examples and Basic Concepts (Page-1), Visualizing Time Series Data Structure Graphical Tools (Page-21), Stationary Models (Page-47), No station Models (Page-79),Seasonal Models (Page-111), Time Series Model Selection (Page-135), Additional Issues in Anima Models (Page-177), Transfer Function Models (Page-203), Additional Topics (Page-263). | ||
| 650 | 0 |
_aForecasting. _925884 |
|
| 650 | 0 | _aTime-series analysis. | |
| 700 | 1 |
_aKulahci, Murat. _9114182 |
|
| 942 |
_2ddc _cBK |
||
| 999 |
_c189276 _d189276 |
||